| 000 | 00611nam a22001577a 4500 | ||
|---|---|---|---|
| 005 | 20250828124058.0 | ||
| 008 | 250828b |||||||| |||| 00| 0 eng d | ||
| 020 | _a978-94-6463-786-1 | ||
| 041 | _aeng | ||
| 082 | _a338.927 | ||
| 100 |
_aRANJAN, PIYUSH. PANDEY, SUMIT KUMAR . DUTTA, KAILASH PATI AND ALAM, DR. IRFAN _98656 |
||
| 245 |
_aPROCEEDINGS OF THE INTERNATIONAL CONFERENCE ON RECENT ADVANCES IN ARTIFICIAL INTELLIGENCE FOR SUSTAINABLE DEVELOPMENT [ RAISD 2025] ADVANCES IN INTELLIGENT SYSTEMS RESEARCH [ VOL-196] _b |
||
| 260 |
_bATLANTIS PRESS [ OPEN ACCESS] _c2025 |
||
| 300 | _a735;P | ||
| 942 | _cBK | ||
| 999 |
_c8781 _d8779 |
||